000 00326nam a22001457a 4500
008 230614b ||||| |||| 00| 0 eng d
020 _a9781412954563
041 _aeng
080 _2THIRD EDITION
_a51
082 _a51JOH
100 _a23
101 _aMATE
245 _aEDUCATIONAL RESEARCH
_cJOHNSON.B
942 _2udc
_cBK
999 _c59966
_d59966